Valparaíso y los ingleses en tres siglos. Conferencia leída en inglés ante la Young Men's Asociation de Valparaíso, el año de 1884

Đã lưu trong:
Chi tiết về thư mục
Tác giả chính: Vicuña Mackenna, Benjamín, 1831-1886 (Tác giả)
Định dạng: Sách
Ngôn ngữ:Tiếng Tây Ban Nha
Được phát hành: Santiago Imprenta Cervantes 1910
Phiên bản:1a. ed
Những chủ đề:
Các nhãn: Thêm thẻ
Không có thẻ, Là người đầu tiên thẻ bản ghi này!

MARC

LEADER 00000nam a2200000 a 4500
001 UCJ3718
003 CL-VaPUC
008 070124e19100000CL |||||||||||||||||spa|d
082 0 4 |a 983  |b VIC  |2 21 
100 |a Vicuña Mackenna, Benjamín,  |d 1831-1886  |x Político e historiador   |z Chile   |e author  |9 374 
245 1 0 |a Valparaíso y los ingleses en tres siglos. Conferencia leída en inglés ante la Young Men's Asociation de Valparaíso, el año de 1884 
250 |a 1a. ed 
300 |a 65 p 
651 0 |a Valparaíso, Chile  |9 261144 
942 |c BK 
945 |d 20070124 00:00:00  |a rinostro 
260 |a Santiago  |b Imprenta Cervantes  |c 1910 
500 |a Advierte errata. Benelli, Bibliografía, N§ 163 
650 0 |a Inmigración  |9 268290 
650 7 |a INGLESES  |2 CL-VaPUC  |9 505985 
650 0 |a Comercio  |9 255341 
650 0 |a Historia urbana  |9 265140 
650 7 |a TOPONIMIA  |2 CL-VaPUC  |9 505986 
650 0 |a Cerros de Valparaíso   |9 505987 
650 7 |a CALLES Y PASEOS  |2 CL-VaPUC  |9 329702 
583 |a last modification  |c 20170518 01:39:25  |k Rodrigo Vera 
999 |c 319840  |d 319838 
952 |0 0  |1 0  |4 0  |6 983_000000000000000_VIC_1910  |7 0  |8 X  |9 398236  |a FDOBUD  |b FDOBUD  |d 2019-11-22  |i 1007424  |o 983 VIC 1910  |p 1007424  |r 2019-11-22  |w 2019-11-22  |y BK_X  |k BUD